| 000 | 01719nam a2200421 a 4500 | ||
|---|---|---|---|
| 001 | 7894885 | ||
| 003 | OSt | ||
| 005 | 20140310182339.0 | ||
| 006 | m d | ||
| 007 | cr n | ||
| 008 | 990312s2000 nyuab bo 001 0 eng d | ||
| 020 | _a0439095840 (hc) | ||
| 020 | _a0439095859 (pbk.) | ||
| 035 | _a(WaSeSS)ssj0000140465 | ||
| 040 |
_aDLC _cDLC _dDLC _dWaSeSS |
||
| 042 | _alcac | ||
| 050 | 0 | 0 |
_aQC955.2 _b.B47 2000 |
| 082 | 0 | 0 |
_aGS 551.55 _bB45 2000 |
| 100 | 1 |
_aBerger, Melvin. _94942 |
|
| 245 | 1 | 0 |
_aDo tornadoes really twist? _h[electronic resource] : _bquestions and answers about tornadoes and hurricanes / _cby Melvin and Gilda Berger ; illustrated by Higgins Bond. |
| 260 |
_aNew York : _bScholastic, _c2000. |
||
| 300 |
_a48 p. : _bcol. ill. ; _c21 x 26 cm. |
||
| 490 | 1 | _aScholastic question and answer series | |
| 500 | _aIncludes index. | ||
| 506 | _aLicensed for access by U. of T. users. | ||
| 520 | _aProvides answers to a variety of questions about tornadoes and hurricanes, including "Where do most tornadoes strike," and "How long do hurricanes last?" | ||
| 521 | _ab | ||
| 562 | _e1 | ||
| 650 | 0 |
_aTornadoes _vMiscellanea _vJuvenile literature. _921652 |
|
| 650 | 0 |
_aHurricanes _vMiscellanea _vJuvenile literature. _921653 |
|
| 700 | 1 |
_aBerger, Gilda. _94946 |
|
| 700 | 1 |
_aBond, Higgins, _eill. _921654 |
|
| 800 | 1 |
_aBerger, Melvin. _tScholastic question and answer series. _921655 |
|
| 856 | 4 | 0 |
_yeBooks on EBSCOhost _uhttp://myaccess.library.utoronto.ca/login?url=http://search.ebscohost.com/login.aspx?direct=true&scope=site&db=nlebk&db=nlabk&AN=81282 |
| 942 |
_2lcc _cBK-GS |
||
| 949 |
_aQC955.2 [ID ssj0000140465] _c1 _lONLINE _mE_RESOURCE _tE_RESOURCE |
||
| 999 |
_c12104 _d12104 |
||